Modyul para sa pagtuturo ng Filipino sa elementarya 1 : (Record no. 57039)
[ view plain ]
| 000 -LEADER | |
|---|---|
| fixed length control field | 01254nam a22003257a 4500 |
| 005 - DATE AND TIME OF LATEST TRANSACTION | |
| control field | 20240716170057.0 |
| 007 - PHYSICAL DESCRIPTION FIXED FIELD--GENERAL INFORMATION | |
| fixed length control field | URS |
| 008 - FIXED-LENGTH DATA ELEMENTS--GENERAL INFORMATION | |
| fixed length control field | 240712b2020 ph ||||| |||| 00| 0 eng d |
| 020 ## - INTERNATIONAL STANDARD BOOK NUMBER | |
| International Standard Book Number | 9786210403787 |
| 040 ## - CATALOGING SOURCE | |
| Language of cataloging | filipino |
| Transcribing agency | DLC |
| Description conventions | rda |
| Original cataloging agency | DLC |
| Modifying agency | URS |
| -- | DLC |
| 050 ## - LIBRARY OF CONGRESS CALL NUMBER | |
| Classification number | PL6061 |
| Item number | .C733 2020 |
| 082 ## - DEWEY DECIMAL CLASSIFICATION NUMBER | |
| Classification number | 499.211071202084 |
| Item number | C733 |
| 100 ## - MAIN ENTRY--PERSONAL NAME | |
| 9 (RLIN) | 1155 |
| Personal name | Comiso-Gallo, Roseta V. |
| Relator term | author |
| 245 ## - TITLE STATEMENT | |
| Title | Modyul para sa pagtuturo ng Filipino sa elementarya 1 : |
| Remainder of title | estruktura at gamit ng Wikang Filipino / |
| Statement of responsibility, etc | Roseta V. Comiso-Gallo, Restituto M. Mendoza, Rene P. Sultan, anf Greg Tabios Pawilen |
| 264 ## - PUBLICATION, DISTRIBUTION, ETC. (IMPRINT) | |
| Place of publication, distribution, etc | Quezon City : |
| Name of publisher, distributor, etc | Rex Book Store Incorporated, |
| Date of publication, distribution, etc | [2020] |
| 300 ## - PHYSICAL DESCRIPTION | |
| Extent | 128 pages ; |
| Dimensions | 21 cm. |
| 336 ## - CONTENT TYPE | |
| Source | rdacontent |
| Content type term | text |
| Content type code | txt |
| 337 ## - MEDIA TYPE | |
| Source | rdamedia |
| Media type term | unmediated |
| Media type code | n |
| 338 ## - CARRIER TYPE | |
| Source | rdacarrier |
| Carrier type term | volume |
| Carrier type code | nc |
| 504 ## - BIBLIOGRAPHY, ETC. NOTE | |
| Bibliography, etc | Includes bibliographical references (page 111) and index. |
| 650 ## - SUBJECT ADDED ENTRY--TOPICAL TERM | |
| Topical term or geographic name as entry element | Filipino language |
| General subdivision | Study and teaching |
| 650 ## - SUBJECT ADDED ENTRY--TOPICAL TERM | |
| Topical term or geographic name as entry element | Filipino language |
| General subdivision | Grammar |
| 650 ## - SUBJECT ADDED ENTRY--TOPICAL TERM | |
| Topical term or geographic name as entry element | Language arts (Elementary) |
| Geographic subdivision | Philippines |
| 650 ## - SUBJECT ADDED ENTRY--TOPICAL TERM | |
| Topical term or geographic name as entry element | Education, Elementary |
| Geographic subdivision | Philippines |
| 700 ## - ADDED ENTRY--PERSONAL NAME | |
| 9 (RLIN) | 1156 |
| Personal name | Mendoza, Restituto M. |
| Relator term | author |
| 700 ## - ADDED ENTRY--PERSONAL NAME | |
| 9 (RLIN) | 1157 |
| Personal name | Sultan, Rene P. |
| Relator term | author |
| 700 ## - ADDED ENTRY--PERSONAL NAME | |
| Personal name | Pawilen, Greg Tabios. |
| Relator term | coordinator |
| 942 ## - ADDED ENTRY ELEMENTS (KOHA) | |
| Source of classification or shelving scheme | Dewey Decimal Classification |
| Koha item type | Filipiniana |
| Withdrawn status | Lost status | Source of classification or shelving scheme | Damaged status | Not for loan | Collection code | Home library | Current library | Shelving location | Date acquired | Source of acquisition | Total Checkouts | Full call number | Barcode | Date last seen | Copy number | Koha item type | Date checked out | Price effective from |
|---|---|---|---|---|---|---|---|---|---|---|---|---|---|---|---|---|---|---|
| Library of Congress Classification | Non-fiction | Morong College Library | Morong College Library | New Materials Shelf | 04/19/2023 | PL6061 .C733 2020 | URSMOR-CL-28856 | 04/19/2023 | 1 | Filipiniana | 04/19/2023 | |||||||
| Library of Congress Classification | Non-fiction | Morong College Library | Morong College Library | New Materials Shelf | 04/19/2023 | PL6061 .C733 2020 | URSMOR-CL-28857 | 04/19/2023 | 2 | Filipiniana | 04/19/2023 | |||||||
| Library of Congress Classification | Non-fiction | Morong College Library | Morong College Library | New Materials Shelf | 04/19/2023 | PL6061 .C733 2020 | URSMOR-CL-28858 | 04/19/2023 | 3 | Filipiniana | 04/19/2023 | |||||||
| Library of Congress Classification | Non-fiction | Morong College Library | Morong College Library | New Materials Shelf | 04/19/2023 | PL6061 .C733 2020 | URSMOR-CL-28859 | 04/19/2023 | 4 | Filipiniana | 04/19/2023 | |||||||
| Library of Congress Classification | Non-fiction | Morong College Library | Morong College Library | New Materials Shelf | 04/19/2023 | PL6061 .C733 2020 | URSMOR-CL-28860 | 04/19/2023 | 5 | Filipiniana | 04/19/2023 | |||||||
| Dewey Decimal Classification | Pililla College Library | Pililla College Library | 02/23/2023 | 499.211071202084 C733 2020 | URSPIL-6702 | 02/23/2023 | 3 | Filipiniana | 02/23/2023 | |||||||||
| Dewey Decimal Classification | Pililla College Library | Pililla College Library | 02/23/2023 | 499.211071202084 C733 2020 | URSPIL-6701 | 02/23/2023 | 2 | Filipiniana | 02/23/2023 | |||||||||
| Dewey Decimal Classification | Pililla College Library | Pililla College Library | Filipiniana Section | 05/22/2024 | 499.211071202084 C733 2020 | URSPIL-6700 | 05/22/2024 | 1 | Filipiniana | 05/22/2024 | ||||||||
| Library of Congress Classification | Rodriguez College Library | Rodriguez College Library | 04/25/2023 | Purchased | PL6061 .C734 2020 | URSROD-4910 | 04/25/2023 | 1 | Filipiniana | 04/25/2023 | ||||||||
| Library of Congress Classification | Rodriguez College Library | Rodriguez College Library | 04/25/2023 | Purchased | PL6061 .C734 2020 | URSROD-4911 | 04/25/2023 | 2 | Filipiniana | 04/25/2023 | ||||||||
| Library of Congress Classification | Rodriguez College Library | Rodriguez College Library | 04/25/2023 | Purchased | PL6061 .C734 2020 | URSROD-4912 | 04/25/2023 | 3 | Filipiniana | 04/25/2023 | ||||||||
| Library of Congress Classification | Non-fiction | Taytay College Library | Taytay College Library | Filipiniana Section | 11/17/2021 | Purchased | PL6061 .C733 2020 | URSTAY-5016 | 06/02/2025 | 1 | Filipiniana | |||||||
| Library of Congress Classification | Non-fiction | Taytay College Library | Taytay College Library | Filipiniana Section | 11/17/2021 | Purchased | PL6061 .C733 2020 | URSTAY-5017 | 06/02/2025 | 2 | Filipiniana | |||||||
| Library of Congress Classification | Non-fiction | Taytay College Library | Taytay College Library | Filipiniana Section | 04/27/2023 | Purchased | 1 | PL6061 .C733 2020 | URSTAY-5018 | 06/02/2025 | 3 | Filipiniana | 09/21/2022 |